| 000 | 00761nam a22002057a 4500 | ||
|---|---|---|---|
| 999 |
_c13062 _d13062 |
||
| 003 | AR-CdUCM | ||
| 008 | 190411b ||||| |||| 00| 0 spa d | ||
| 040 |
_aMUNICIPALIDAD PROVINCIAL DEL CUSCO _cBIBLIOTECA MUNICIPAL DEL CUSCO |
||
| 082 |
_a985.01 / _bT19 / 1961 |
||
| 100 |
_aKauffmann Doig, Federico _96213 |
||
| 245 | _aHistoria de la arqueología peruana / | ||
| 260 |
_aLima : _bTip. peruana, _c1961. |
||
| 300 |
_a128 páginas ; _c21.5 cm. |
||
| 505 | _aContenido: La visión de conjunto sobre el antiguo Perú (siglo XVI-XX) -- El conocimiento arqueológico como tema subordinado y especializado (siglo XVI-XX). | ||
| 650 |
_aArqueología _9371 |
||
| 650 |
_aPerú _935 |
||
| 650 |
_aHistoria _9136 |
||
| 942 |
_2ddc _cLIBROS |
||
| 945 |
_aacv _d2019-04-11 |
||